| 000 | 003400000a22001570004500 | ||
|---|---|---|---|
| 001 | 003602 | ||
| 003 | MACL | ||
| 040 | _aMACL | ||
| 090 |
_c15595 _d15594 |
||
| 100 | _aGupta, M.G. | ||
| 245 |
_aDictionary of World Mysticism _cM.G. Gupta |
||
| 260 |
_aM.G. Publishers, _c2002 |
||
| 350 | _a1250 | ||
| 650 | _aPhilosophy | ||
| 942 |
_k149 _cBook |
||
| 999 |
_c15500 _d15500 |
||